Includes bibliographies (Record no. 15375)

000 -LEADER
fixed length control field 00588nam a22002171 4500
001 - CONTROL NUMBER
control field 15375
003 - CONTROL NUMBER IDENTIFIER
control field BD-DhUET
008 - FIXED-LENGTH DATA ELEMENTS--GENERAL INFORMATION
fixed length control field 731030m19621966njua b 000 0 eng
040 ## - CATALOGING SOURCE
Original cataloging agency DLC
Transcribing agency DLC
Modifying agency BD-DhUET
082 00 - DEWEY DECIMAL CLASSIFICATION NUMBER
Classification number 543
Item number FUR/1966
100 ## - MAIN ENTRY--PERSONAL NAME
Personal name Furman, N. Howell
245 00 - TITLE STATEMENT
Title Includes bibliographies
250 ## - EDITION STATEMENT
Edition statement 6th ed.
260 ## - PUBLICATION, DISTRIBUTION, ETC. (IMPRINT)
Place of publication, distribution, etc. New York
Name of publisher, distributor, etc. Van Nostrand Reinhold
Date of publication, distribution, etc. 1966
300 ## - PHYSICAL DESCRIPTION
Extent xi, (975-2018)p.
Other physical details ill.
500 ## - GENERAL NOTE
General note Vol.3 (Instrumental methods)
Part. B
504 ## - BIBLIOGRAPHY, ETC. NOTE
Bibliography, etc Includes bibliographies
650 #0 - SUBJECT ADDED ENTRY--TOPICAL TERM
Topical term or geographic name as entry element Chemistry, Analytic
700 ## - ADDED ENTRY--PERSONAL NAME
Personal name Welcher, Frank J.
942 ## - ADDED ENTRY ELEMENTS (KOHA)
Koha item type Edited Book
Holdings
Location (home branch) Koha date last seen Koha item type Sublocation or collection (holding branch) Withdrawn status Source of classification or shelving scheme Koha normalized classification for sorting Not for loan Price effective from Shelving location Lost status Piece designation (barcode) Damaged status Copy number Koha full call number Date acquired
Central Library, BUET2015-03-12Edited BookCentral Library, BUET  543_000000000000000_FUR_1966 2015-03-12Circulation section 28818 1543/FUR/19662015-03-12
Central Library, BUET2015-03-12Edited BookCentral Library, BUET  543_000000000000000_FUR_1966 2015-03-12Circulation section 28828 2543/FUR/19662015-03-12
Central Library, BUET2015-03-12Edited BookCentral Library, BUET  543_000000000000000_FUR_1966 2015-03-12Circulation section 28836 4543/FUR/19662015-03-12
Central Library, BUET2015-03-12Edited BookCentral Library, BUET  543_000000000000000_FUR_1966 2015-03-12Circulation section 28831 5543/FUR/19662015-03-12
Central Library, BUET2015-03-12Edited BookCentral Library, BUET  543_000000000000000_FUR_1966 2015-03-12Circulation section 38894 6543/FUR/19662015-03-12
Central Library, BUET2018-02-20Edited BookCentral Library, BUET  543_000000000000000_FUR_1966 2015-03-12Circulation section 28827 7543/FUR/19662015-03-12
Central Library, BUET2015-03-12Edited BookCentral Library, BUET  543_000000000000000_FUR_1966 2015-03-12Circulation section 28837 8543/FUR/19662015-03-12
Central Library, BUET2015-03-12Edited BookCentral Library, BUET  543_000000000000000_FUR_1966 2015-03-12Circulation section 28826 9543/FUR/19662015-03-12
Central Library, BUET2015-03-12Edited BookCentral Library, BUET  543_000000000000000_FUR_1966 2015-03-12Circulation section 28832 10543/FUR/19662015-03-12